000
00363nam a2200133Ia 4500
008
100328s9999 xx 000 0 und d
082
_b
17995
100
_a
कालिदास
245
_a
मेघदूत
260
_b
हिन्दी पॉकेट बुक्स
630
_a
मेघदूत
730
_a
मेघदूत
942
_c
BOOK
999
_c
512466
_d
512463